| 000 | 01076nam0a22002771 4500 | ||
|---|---|---|---|
| 001 | rc\945999 | ||
| 005 | 20041129095937.9 | ||
| 035 | _a(NLR Aleph) 006118172 | ||
| 090 |
_a5432037 _c5432037 |
||
| 100 | _a20041129d1982 u |0rusy50 ca | ||
| 101 | 0 | _arus | |
| 102 | _aRU | ||
| 105 | _aa ||||||||| | ||
| 200 | 1 |
_aМедицинский факультет Тартуского государственного университета _f[Сост. Л. Алликметс, Ю. Аренд, Л. Вайнер и др. _gОтв. ред. Л. Алликметс и др.] |
|
| 210 |
_aТаллин _cВалгус _d1982 |
||
| 215 |
_a233 с., 21 л. ил. _d21 |
||
| 300 | _aСост. указаны на обороте тит. л. | ||
| 320 | _aБиблиогр.: с. 212-220 | ||
| 320 | _aИмен. указ.: с. 221-233 | ||
| 702 | 1 |
_aАлликметс _bЛ. Х. _4220 |
|
| 712 | 0 | 2 |
_aТартуский ун-т _bМед. факультет _3RU\NLR\AUTH\889946702 |
| 801 | 0 |
_aRU _bNLR _gpsbo |
|
| 801 | 1 |
_aRU _bELAR _2rusmarc |
|
| 852 |
_aNLR _j83-5/3058 |
||
| 942 | _cBOOK | ||
| 980 | _aNB | ||